Loading...
Current Events | 2 | 10.00 | 100% | 0% | 50% |
Fine Arts - Classical Music | 5 | 10.00 | 80% | 40% | 0% |
Fine Arts - Other Fine Arts | 3 | 10.00 | 100% | 0% | 0% |
Fine Arts - Painting & Sculpture | 8 | 10.00 | 75% | 25% | 0% |
Geography | 2 | 25.00 | 100% | 100% | 50% |
History - American History | 9 | 13.33 | 100% | 22% | 11% |
History - European History | 5 | 12.00 | 100% | 20% | 0% |
History - Other History | 9 | 10.00 | 78% | 22% | 0% |
History - World History | 8 | 8.75 | 75% | 13% | 0% |
Literature - American Literature | 6 | 11.67 | 100% | 17% | 0% |
Literature - British Literature | 5 | 10.00 | 80% | 40% | 0% |
Literature - European Literature | 6 | 15.00 | 100% | 33% | 17% |
Literature - World Literature | 7 | 11.43 | 86% | 29% | 0% |
Mythology | 2 | 15.00 | 100% | 50% | 0% |
Other Academic | 3 | 16.67 | 100% | 0% | 67% |
Philosophy | 6 | 6.67 | 50% | 17% | 0% |
Religion | 8 | 16.25 | 88% | 63% | 13% |
Science - Biology | 9 | 7.78 | 67% | 11% | 0% |
Science - Chemistry | 10 | 10.00 | 80% | 20% | 0% |
Science - Other Science | 6 | 11.67 | 67% | 50% | 0% |
Science - Physics | 11 | 14.55 | 100% | 18% | 27% |
Social Science | 7 | 10.00 | 71% | 29% | 0% |